000 00420nam a2200181Ia 4500
001 10986
005 20260306161912.0
008 260306t1989||||xx |||||||||||||| ||spa||
041 _aESP
082 _a985
_bL39
100 _aLeguía, Jorge Guillermo
_eAUT
245 0 _aHistoria y biografía
260 _c1989
300 _a202 páginas :
_c20cm.
650 _aGEN
654 _aCHU
942 _cLIB
_dJUS
_fJUS
_2ddc
_n
999 _c10986
_d10986